Score 0/40 Timer 10:00
0 Plays Today
Continent City % Correct
EuropeUfa, Russia
80.1%
AfricaFes, Morocco
73%
Asia/OceaniaQom, Iran
60.9%
AfricaAba, Nigeria
59.3%
EuropeUlm, Germany
54.5%
Asia/OceaniaVan, Turkey
45.2%
AfricaMan, Côte d'Ivoire
41.9%
Asia/OceaniaOsh, Kyrgyzstan
41.2%
AfricaJos, Nigeria
40.9%
AfricaOyo, Nigeria
39.4%
EuropeNiš, Serbia
37.9%
EuropePau, France
35.7%
AfricaIfe, Nigeria
33.1%
Asia/OceaniaHuế, Vietnam
32.8%
EuropeBor, Russia
32.6%
EuropeEde, Netherlands
28.5%
AfricaOwo, Nigeria
27.5%
AmericasIca, Peru
25.3%
Asia/OceaniaKut, Iraq
24.2%
EuropeEłk, Poland
23.7%
Continent City % Correct
Asia/OceaniaYao, Japan
23.7%
AfricaWau, South Sudan
23.7%
AmericasRoy (UT), USA
20.5%
AmericasItá, Paraguay
19.7%
Asia/OceaniaOta, Japan
18.9%
AfricaYei, South Sudan
18.4%
AmericasMao, Dominican Republic
17.7%
EuropeÉrd, Hungary
17.2%
EuropeOss, Netherlands
16.7%
AfricaIla, Nigeria
14.9%
AmericasMoa, Cuba
14.4%
EuropeRho, Italy
14.1%
AmericasCúa, Venezuela
13.6%
AmericasIlo, Peru
13.1%
AmericasItu, Brazil
12.4%
Asia/OceaniaUbe, Japan
12.4%
AmericasJaú, Brazil
11.9%
AmericasPoá, Brazil
11.6%
Asia/OceaniaTsu, Japan
8.1%
Asia/OceaniaUji, Japan
5.3%
Remove Ads.
Support Sporcle.
Get the best of Sporcle when you Go Orange. This ad-free experience offers more features, more stats, and more fun while also helping to support Sporcle. Thank you for becoming a member.

You're not logged in!

Compare scores with friends on all Sporcle quizzes.
OR
Log In

Show Comments

Extras

Top Quizzes Today


Score Distribution

Your Account Isn't Verified!

In order to create a playlist on Sporcle, you need to verify the email address you used during registration. Go to your Sporcle Settings to finish the process.

Report this User

Report this user for behavior that violates our Community Guidelines.

Details: